000 00641nam a2200229Ia 4500
003 OSt
005 20220923213450.0
006 a|||||r|||| 00| 0
007 ta
008 220922b |||||||| |||| 00| 0 hin d
024 _a162,216
037 _cTextual
040 _aARTS
_cARTS
_bhin
041 _2hin
_ahin
082 _aO152:2N05:48, L3
100 _aवर्मा, राम कुमार
245 0 _aसंत तुलसीदास
246 _aSanta tulasīdāsa
260 _c1973
942 _hO152:2N05:48, L3
_cTEXL
_2CC
999 _c316717
_d316717